000 00535nam a22001937a 4500
003 OSt
005 20140310182209.0
008 130905t xxu||||| |||| 00| 0 eng d
020 _a072147571x
050 _aPZ 10.3
_b.An598 1996
082 _aHS 398.2
_bAn5 1996
245 _aAnimal stories and rhymes /
260 _aLeicestershire, UK :
_bLadybird Books Ltd,
_cc1996.
300 _a45 p. :
_bill. ;
_c30 cm.
650 _aChildren's stories
_93210
650 _aAnimal stories
_916656
942 _2lcc
_cHS
999 _c10417
_d10417